01127 a2200169 45000010006000000050017000060080041000230030015000640400040000790800130001192450028002492640028002773000019003055050588003241000024009127000021009363487620260407155633.0260407a1962 arg spa dAR-UNSa-BCEJYS aAR-UNSa-BCEJYSbspacAR-UNSa-BCEJYS a658.01xMetodología. Teoría y práctica de la organización( teoria de la organización, análisis organizacional...)10aGestión de la empresa 1aMadrid :bAguilarc1962 a507 p.c23 cm. aParte I: Formas y clasificación de la empresa : 1. Normas jurídicas de la empresa - 2. Criterios económicos y sociales de clasificación - Parte II: Estructura y organización de las empresas: 1. La idea de organización, las doctrinas - 2. Las funciones y los servicios que las desempeñan - 3. La estructura de la empresa - 4. Organización interna de la empresa - Parte III: Los medios de información y de toma de decisión : 1. El método presupuestario - 2. El cuadro de mandos - Parte IV: La actividad de la empresa: 1. El producto - 2. La venta - 3. Los medios.1 aAubert- Krier, Jane1 aSanuy, Francisco